000 00828cpmaa2200253 4500
001 mm 79000573
003 DLC
005 20260227111632.0
008 790413|||||||||||| eng
010 _amm 79000573
040 _aDLC
_cDLC
_edacs
_dDLC
072 7 _aW
_2lcmd
100 1 _aCooley, Thomas McIntyre,
_d1824-1898.
245 0 0 _aThomas McIntyre Cooley address,
_f1889.
300 _a1
_fitem.
506 0 _aOpen to research.
545 0 _aJurist and educator.
546 _aCollection material in English.
580 _aForms part of: Miscellaneous Manuscripts collection.
656 7 _aEducators.
_2itoamc
656 7 _aJurists.
_2itoamc
999 _c40498
_d40498